000 00405nam a2200157Ia 4500
005 20250329094031.0
008 231217s9999 xx 000 0 und d
020 _a9788131412756
082 _a658.723 RAJ;1 R
100 _aRajmanohar, T P ed.
245 0 _aIT outsourcing : emerging trends
260 _c2008
_bIcfai
_aHyderabad
300 _aix, 207
650 _aoutsourcing,trends
942 _cAA
999 _c188394
_d188394